000 01133nam0a22002771 4500
001 v19\rc\1890601
005 20260405170849.0
035 _a(NLR Aleph) 005264343
090 _a5933732
_c5933732
100 _a20080221d1911 |||y0rusy50 ca
101 0 _arus
102 _aRU
105 _aa z |||a|
200 1 _aГоспода малыши
_eКнижечка рассказов для самых маленьких детей
_f[Соч.] И. Лесного
210 _a[Санкт-Петербург]
_cт-во М.О. Вольф
_d[1911]
215 _a[38] с.
_cцв. ил.
_d20
300 _aАвт. установлен по изд.: Масанов И.Ф. Словарь псевдонимов... М., 1957. Т. 2. С. 119
700 1 _7ca
_8rus
_aАгафонов
_bИ. А.
_cписатель
_f1886-
_gИлья Акимович
_955523
_3RU\NLR\AUTH\7772595
790 1 _aЛесной
_bИ.
_f1886-
801 0 _aRU
_bNLR
_c20080221
_gpsbo
801 0 _aRU
_bRuMoRGB
_c20080221
_2psbo
801 1 _aRU
_bProSoft-M
_c20080221
_2rusmarc
801 2 _aRU
_bNLR
_c20090322
_2rusmarc
852 _aNLR
_j18.339.2.1112
942 _cBOOK
980 _aNB